000 00748nam a2200253 i 4500
001 18782
003 ES-MaACL
005 20240131063028.0
007 t|
008 020313s2001 sp bf |||| |bspa j
020 _a84-01-37761-7
080 _a929 Paéz, Pedro
080 _a910.4(63)"15/16"
100 1 _aReverte, Javier,
_d1944-2020
_978353
245 1 0 _aDios, el diablo y la aventura /
_cJavier Reverte.
250 _a1ª ed.
260 _aBarcelona :
_bPlaza & Janés,
_c2001.
300 _a239 p., [16] p. de lám :
_bmapas ;
_c24 cm.
500 _aÍndice.
600 1 4 _aPáez, Pedro.
_988228
651 4 _aEtiopía-
_xDescubrimientos y exploraciones.
_9170766
852 _aES-MaACL
_jL-25345
999 _c18782
_d18782